000
00298nam a2200133Ia 4500
100
_a
Tanenbaumm A.S.
942
_c
BK
654
_a
computer
245
_a
Structure computer organization
260
_b
Prentice Hall of India
_a
New Delhi
_c
1991
300
_a
587
546
_a
ENGLISH
999
_c
20721
_d
20721